000 00764nam a22002657a 4500
001 9173
003 FISKH
005 20251127091540.0
008 251127b cb ||||| |||| 00| 0 eng d
020 _a9780618597819
040 _aFISKH
_beng
_cFISKH
_dFISKH
050 _aPZ7
082 _a570
100 _aAkers, Deborah
_eAuthor
245 _aMouse's meadow /
_cby Deborah Akers
260 _aBoston :
_bHoughton Mifflin Company ,
_c2005
300 _a6 pages :
_bcolor illustrations ;
_c21 cm
505 _aC
520 _aLife science : what do living things need? Life science : looking at plants and animals?
521 8 _a100
_bLexile estimate
521 8 _aC
_bRaz-Plus
650 _aAnimal
_vMouse
942 _2ddc
_cBK
_n0
999 _c9173
_d9173